000 00325nam a22001457a 4500
008 180817b xxu||||| |||| 00| 0 eng d
020 _a0070416400
041 _aeng
080 _a33
082 _a33
100 _a59
101 _aBIZ
245 _aAccounting the basis for business decisions
_cMeigs.W
942 _2udc
_cBK
999 _c47193
_d47193